header

Nightmare on Iwo Jima (Record no. 92026)

MARC details
000 -LEADER
fixed length control field 01769nam a2200397 a 4500
082 04 - DEWEY DECIMAL CLASSIFICATION NUMBER
Classification number 940.54/2528092
100 1# - MAIN ENTRY--AUTHOR NAME
Personal name Caruso, Patrick F.,
245 10 - TITLE STATEMENT
Title Nightmare on Iwo Jima
260 ## - PUBLICATION, DISTRIBUTION, ETC. (IMPRINT)
Place of publication Tuscaloosa, Ala. :
Name of publisher University of Alabama Press,
Year of publication 2007.
300 ## - PHYSICAL DESCRIPTION
Number of Pages xiv, 168 p. :
Other physical details ill., 1 map.
500 ## - GENERAL NOTE
General note Originally published as: Nightmare on Iwo. Annapolis, Md. : Naval Institute Press, 2001.
General note Includes index.
650 #0 - SUBJECT ADDED ENTRY--TOPICAL TERM
Topical Term Iwo Jima, Battle of, Japan, 1945
Topical Term World War, 1939-1945
856 40 - ELECTRONIC LOCATION AND ACCESS
Uniform Resource Identifier http://site.ebrary.com/lib/rucke/Doc?id=10387702

No items available.

© 2026 Rongo University
Contact us: librarian | system librarian | Rongo university